| Tag |
First Indicator |
Second Indicator |
Subfields |
| LEADER |
00000cam a2200000Ii 4500 |
| 001 |
in00004344721 |
| 005 |
20210125090936.0 |
| 008 |
200229t20202020nyua b 001 0 eng d |
| 020 |
|
|
|a 3030446336
|q hardcover
|
| 020 |
|
|
|a 9783030446338
|q hardcover
|
| 020 |
|
|
|z 9783030446345
|q electronic book
|
| 035 |
|
|
|a (OCoLC)on1142505773
|
| 040 |
|
|
|a YDX
|e rda
|c YDX
|d COO
|d BDX
|d UtOrBLW
|
| 049 |
|
|
|a TXAM
|
| 050 |
|
4 |
|a B3376.W564
|b R58 2020
|
| 082 |
0 |
|
|a 192
|2 23
|
| 100 |
1 |
|
|a Ritter, Bernhard,
|d 1973-
|e author.
|0 http://id.loc.gov/authorities/names/no2016160370
|
| 245 |
1 |
0 |
|a Kant and post-tractarian Wittgenstein :
|b transcendentalism, idealism, illusion /
|c Bernhard Ritter.
|
| 264 |
|
1 |
|a New York :
|b Palgrave Macmillan,
|c [2020]
|
| 264 |
|
4 |
|c ©2020
|
| 300 |
|
|
|a xxi, 346 pages :
|b illustrations ;
|c 22 cm.
|
| 336 |
|
|
|a text
|b txt
|2 rdacontent
|
| 337 |
|
|
|a unmediated
|b n
|2 rdamedia
|
| 338 |
|
|
|a volume
|b nc
|2 rdacarrier
|
| 504 |
|
|
|a Includes bibliographical references and index.
|
| 600 |
1 |
0 |
|a Wittgenstein, Ludwig,
|d 1889-1951.
|0 http://id.loc.gov/authorities/names/n79032058
|
| 600 |
1 |
0 |
|a Kant, Immanuel,
|d 1724-1804.
|0 http://id.loc.gov/authorities/names/n79021614
|
| 945 |
|
|
|b 636626
|
| 947 |
|
|
|a A14850706301
|
| 948 |
|
|
|a cataloged
|b h
|c 2020/11/4
|d c
|e dmitchel
|f 8:44:16 am
|
| 994 |
|
|
|a 92
|b TXA
|
| 999 |
f |
f |
|s 02dde910-7f6e-3b8b-9d6d-ec1adc672f7b
|i 32f6364c-a336-34a4-8501-6d45454abca7
|t 0
|
| 952 |
f |
f |
|p normal
|a Texas A&M University
|b College Station
|c Sterling C. Evans Library
|d Evans: Library Stacks
|t 0
|e B3376.W564 R58 2020
|h Library of Congress classification
|i unmediated -- volume
|m A14850706301
|
| 998 |
f |
f |
|a B3376.W564 R58 2020
|t 0
|l Evans: Library Stacks
|